Sense and Sensibility Pride and Prejudice & Mansfield Park (Record no. 2165)
[ view plain ]
| 000 -LEADER | |
|---|---|
| fixed length control field | 00388nam a2200145Ia 4500 |
| 008 - FIXED-LENGTH DATA ELEMENTS--GENERAL INFORMATION | |
| fixed length control field | 151213s9999 xx 000 0 und d |
| 100 ## - MAIN ENTRY--PERSONAL NAME | |
| Personal name | B. G. Southman |
| 245 ## - TITLE STATEMENT | |
| Title | Sense and Sensibility Pride and Prejudice & Mansfield Park |
| Statement of responsibility, etc. | B. G. Southman |
| 260 ## - PUBLICATION, DISTRIBUTION, ETC. (IMPRINT) | |
| Place of publication, distribution, etc. | U K |
| Name of publisher, distributor, etc. | Palgrave |
| Date of publication, distribution, etc. | 1976 |
| 300 ## - PHYSICAL DESCRIPTION | |
| Extent | 3140 p. |
| 650 ## - SUBJECT ADDED ENTRY--TOPICAL TERM | |
| Topical term or geographic name as entry element | English |
| 650 ## - SUBJECT ADDED ENTRY--TOPICAL TERM | |
| Topical term or geographic name as entry element | English |
| 700 ## - ADDED ENTRY--PERSONAL NAME | |
| Personal name | B. G. Southman |
No items available.
